Etats des USA par population - Carte. - Statistiques

Statistiques générales
  • Ce quiz a été pris 529 fois
  • Le résultat moyen est 20 sur 50
Réponses sur la Carte
Les réponses sont colorées sur une échelle allant du rouge au vert en fonction du pourcentage des utilisateurs qui les ont devinées à leur premier essai. Vous pouvez retrouver ces pourcentages ci-dessous.
 
Statistiques - réponses
Réponse % Correct
Californie
95%
Texas
88%
Floride
85%
Washington
59%
New York
56%
Caroline du Nord
52%
Michigan
52%
Pennsylvanie
49%
Géorgie
48%
Illinois
47%
Louisiane
47%
Caroline du Sud
46%
Nevada
45%
Arizona
44%
Nouveau-Mexique
44%
Ohio
44%
Oregon
43%
Hawaï
42%
Alaska
41%
Tennessee
41%
Colorado
40%
Utah
40%
Virginie
39%
New Jersey
38%
Alabama
36%
Indiana
36%
Kentucky
35%
Minnesota
35%
Oklahoma
34%
Massachusetts
33%
Wisconsin
32%
Idaho
31%
Mississippi
31%
Montana
30%
Maine
29%
Maryland
29%
Connecticut
28%
Dakota du Sud
28%
Arkansas
27%
Dakota du Nord
27%
Kansas
27%
Missouri
26%
Iowa
25%
Nebraska
25%
Rhode Island
25%
Virginie-Occidentale
25%
New Hampshire
20%
Wyoming
19%
Vermont
18%
Delaware
17%
Aucun quiz correspondant
Distribution des résultats
% des personnes avec chaque résultat
Percentile par nombre de réponses
Votre historique - résultats
Vous n’avez pas pris ce quiz